| 000 | 01239nam a2200385 i 4500 | ||
|---|---|---|---|
| 001 | 1389 | ||
| 003 | KOSZ 005 | ||
| 005 | 20190801091006.0 | ||
| 008 | 980909s1979 pl a f |001 0 pol d | ||
| 015 | _aPB 1979/7769 | ||
| 020 | _a8320400910 | ||
| 035 | _a(OCoLC)835735142 | ||
| 040 |
_aWA N _cWA N _dKOSZ 005/EC |
||
| 041 | 0 |
_apol _bengrus |
|
| 046 | _k1979 | ||
| 080 | _a621.317 | ||
| 080 | _a51 | ||
| 100 | 1 |
_aJaworski, Janusz Marian _d(1937- ). _eAutor |
|
| 245 | 1 | 0 |
_aMatematyczne podstawy metrologii / _cJanusz Jaworski. |
| 260 |
_aWarszawa : _bWydaw-a Naukowo-Techniczne, _c1979 _e(Warszawa : _fDRP). |
||
| 300 |
_a365, [3] s. : _bil., tabl., wykr. ; _c25 cm. |
||
| 380 | _aKsiążki | ||
| 388 | _a1901-2000 | ||
| 388 | _a1945-1989 | ||
| 504 | _aBibliogr. s. 356-358. - Indeks. | ||
| 546 | _aStreszcz. w jęz. ang., ros. | ||
| 658 | _aInżynieria i technika | ||
| 655 | 4 | _aPodręczniki akademickie | |
| 650 | 4 | _aMatematyka | |
| 650 | 4 | _aPomiary | |
| 650 | 4 | _aZastosowanie i wykorzystanie | |
| 710 | 2 |
_aWydawnictwa Naukowo-Techniczne _4pbl. |
|
| 856 |
_uhttp://koha.tu.koszalin.pl/cgi-bin/koha/opac-detail.pl?biblionumber=1389 _yKatalog online BPK |
||
| 942 |
_2UKD _cKS |
||
| 999 |
_c1389 _d1389 |
||